Motivación: perspectivas teóricas y algunas consideraciones de su importancia en el ámbito educativo /
Este artículo tiene como propósito revisar el concepto de motivación, su evolución histórica, los tres principales enfoques relacionados con esta, a saber, conductual, humanista y cognitivos; y, además, presentar algunos aspectos de importancia sobre la motivación en el ámbito educativo.
保存先:
| 第一著者: | |
|---|---|
| フォーマット: | テキスト |
| 主題: | |
| タグ: |
タグ追加
タグなし, このレコードへの初めてのタグを付けませんか!
|
MARC
| LEADER | 00000 a a2200000 04500 | ||
|---|---|---|---|
| 001 | 46123 | ||
| 003 | |||
| 040 | |||
| 100 | |a Naranjo Pereira, María Luisa | ||
| 245 | |a Motivación: |b perspectivas teóricas y algunas consideraciones de su importancia en el ámbito educativo / |c María Luisa Naranjo Pereira | ||
| 520 | |a Este artículo tiene como propósito revisar el concepto de motivación, su evolución histórica, los tres principales enfoques relacionados con esta, a saber, conductual, humanista y cognitivos; y, además, presentar algunos aspectos de importancia sobre la motivación en el ámbito educativo. | ||
| 590 | |a RRH/NOVIEMBRE2014 | ||
| 650 | |a 1. EDUCACION | ||
| 650 | |a 2. MOTIVACION | ||
| 650 | |a 3. TEORIA SOCIAL | ||
| 650 | |a 4. PSICOLOGIA | ||
| 650 | |a 5. DESARROLLO HUMANO | ||
| 773 | |g volumen33, número2 ( , 2009), páginas 153-170 | ||
| 999 | |c 28029 |d 28029 | ||
